Business policy and strategic management (Record no. 5636)
[ view plain ]
| 000 -LEADER | |
|---|---|
| fixed length control field | 00551nam a2200193Ia 4500 |
| 003 - CONTROL NUMBER IDENTIFIER | |
| control field | SGT |
| 020 ## - INTERNATIONAL STANDARD BOOK NUMBER | |
| International Standard Book Number | 9798171706906 |
| 082 ## - DEWEY DECIMAL CLASSIFICATION NUMBER | |
| Classification number | 658.4012 |
| Item number | JAU |
| 100 ## - MAIN ENTRY--PERSONAL NAME | |
| Personal name | Jauch, Lawrence R. |
| 245 ## - TITLE STATEMENT | |
| Title | Business policy and strategic management |
| 250 ## - EDITION STATEMENT | |
| Edition statement | 6th Ed. |
| 260 ## - PUBLICATION, DISTRIBUTION, ETC. (IMPRINT) | |
| Name of publisher, distributor, etc | Frank Bros. & Co |
| Place of publication, distribution, etc | New Delhi |
| Year of Publication | 2004 |
| 300 ## - PAGE DESCRIPTION | |
| No. of Pages | 663p. |
| 650 ## - SUBJECT ADDED ENTRY--TOPICAL TERM | |
| Topical term or geographic name as entry element | GENERAL MANAGEMENT |
| 653 ## - KEYWORDS--INDEX TERM | |
| Keyword term | AN INVITATION OF STRATEGIC MANAGEMENT, STRATEGIC MANAGEMENT ELEMENTS, THE GENERAL ENVIRONMENT |
| 700 ## - ADDED ENTRY--PERSONAL NAME | |
| Personal name | Glueck, William F. |
| 700 ## - ADDED ENTRY--PERSONAL NAME | |
| Personal name | Gupta,Rajiv |
| 942 ## - ADDED ENTRY ELEMENTS (KOHA) | |
| Source of classification or shelving scheme | Dewey Decimal Classification |
| Koha item type | Books |
| Withdrawn status | Lost status | Source of classification or shelving scheme | Damaged status | Not for loan | Home library | Current library | Date acquired | SGTU | Total Checkouts | Full call number | Accession No. (Barcode) | Date last seen | Bill Date | Koha item type |
|---|---|---|---|---|---|---|---|---|---|---|---|---|---|---|
| Dewey Decimal Classification | SGT Engineering Library | SGT Engineering Library | 17/09/2013 | SGTU | 658.4012 JAU | FE6190 | 09/02/2015 | 09/02/2015 | Books |